| 000 | 00815nam a2200229Ia 4500 | ||
|---|---|---|---|
| 003 | GCL | ||
| 008 | 140319s9999 xx 000 0 ara d | ||
| 040 |
_aGCL / _cGCL |
||
| 082 | 0 | 4 |
_a962.4 _bع ت |
| 100 | 1 | _aعبدالرحمن زكى | |
| 245 | 1 | 0 |
_aتاريخ الدول الاسلامية السودانية بافريقيا الغربية / _cعبدالرحمن زكى |
| 250 | _aالاولى | ||
| 260 |
_aالقاهرة : _bالمؤسسة العربية الحديثة للطبع والنشر ، _c1961 |
||
| 300 |
_a246 ص ؛ _c24سم |
||
| 490 |
_aالالف كتاب _v0 |
||
| 650 | 0 | 4 | _aالتاريخ |
| 650 | 0 | 4 | _aانتشار الاسلام |
| 650 | 0 | 4 | _aالحضارة الاسلامية |
| 650 | 0 | 4 | _aالسودان - تاريخ |
| 650 | 0 | 4 | _aافريقيا الوسطى |
| 942 |
_2ddc _cBK |
||
| 999 |
_c49811 _d49811 |
||